[Event "Almaty zt 3.4"]
[Site "Almaty"]
[Date "2025.04.05"]
[Round "4"]
[White "Tulegenov, Amir"]
[Black "Aitmukhanov, Arsen"]
[Result "1-0"]
[WhiteElo "2030"]
[BlackElo "1862"]
[PlyCount "69"]
[EventDate "2025.04.02"]
[EventType "swiss"]
[EventRounds "9"]
[EventCountry "KAZ"]
[SourceTitle "CB15_2025"]
[SourceDate "2025.04.09"]
[SourceVersion "1"]
[SourceVersionDate "2025.04.09"]
[SourceQuality "1"]

1. d4 Nf6 2. c4 e6 3. Nf3 Be7 4. g3 d5 5. Bg2 0-0 6. 0-0 dxc4 7. Qc2 a6 8. a4 Bd7 9. Rd1 Bc6 10. Bg5 Nbd7 11. Nbd2 Nb6 12. a5 Nbd5 13. Nxc4 Nb4 14. Qb3 Bd5 15. Bxf6 gxf6 16. Ne1 b5 17. axb6 cxb6 18. e4 Bxc4 19. Qxc4 Rc8 20. Qe2 b5 21. Rd2 Qb6 22. Rad1 Rfd8 23. Qg4+ Kh8 24. Qh5 Kg7 25. d5 e5 26. d6 Bxd6 27. Qg4+ Kh6 28. Nf3 Rg8 29. Qh4+ Kg7 30. Rxd6 Qa5 31. Qxf6+ Kf8 32. Nxe5 Rg7 33. Rd8+ Rxd8 34. Rxd8+ Qxd8 35. Qxd8# 1-0

[Event "Almaty zt 3.4"]
[Site "Almaty"]
[Date "2025.04.04"]
[Round "3"]
[White "Akhmet, Suleyman"]
[Black "Aitmukhanov, Arsen"]
[Result "1-0"]
[WhiteElo "2029"]
[BlackElo "1862"]
[PlyCount "75"]
[EventDate "2025.04.02"]
[EventType "swiss"]
[EventRounds "9"]
[EventCountry "KAZ"]
[SourceTitle "CB15_2025"]
[SourceDate "2025.04.09"]
[SourceVersion "1"]
[SourceVersionDate "2025.04.09"]
[SourceQuality "1"]

1. d4 Nf6 2. c4 c5 3. d5 e6 4. Nc3 exd5 5. cxd5 d6 6. e4 g6 7. f4 Bg7 8. Bb5+ Nfd7 9. a4 0-0 10. Nf3 Na6 11. 0-0 Nc7 12. Bd3 a6 13. Re1 Re8 14. Be3 Rb8 15. Bf2 b5 16. e5 Nf8 17. Ne4 dxe5 18. d6 Nce6 19. Nxe5 Bb7 20. axb5 Nxf4 21. Nc6 Bxc6 22. bxc6 Rxb2 23. c7 Qd7 24. Bxa6 Qc6 25. Qa4 Qd5 26. Qxe8 Rxf2 27. Qxf8+ Bxf8 28. Nf6+ Kg7 29. Nxd5 Rxg2+ 30. Kh1 Rf2 31. Nxf4 Bxd6 32. c8Q Bxf4 33. Re2 Rxe2 34. Bxe2 c4 35. Qxc4 Be5 36. Ra7 Kh8 37. Qxf7 h6 38. Qh7# 1-0

[Event "Almaty zt 3.4"]
[Site "Almaty"]
[Date "2025.04.02"]
[Round "1"]
[White "Bizhigitov, Zhangir"]
[Black "Aitmukhanov, Arsen"]
[Result "1-0"]
[WhiteElo "2219"]
[BlackElo "1862"]
[PlyCount "79"]
[EventDate "2025.04.02"]
[EventType "swiss"]
[EventRounds "9"]
[EventCountry "KAZ"]
[SourceTitle "CB15_2025"]
[SourceDate "2025.04.09"]
[SourceVersion "1"]
[SourceVersionDate "2025.04.09"]
[SourceQuality "1"]

1. e4 c5 2. Nf3 Nc6 3. d4 cxd4 4. Nxd4 Nf6 5. Nc3 e5 6. Ndb5 d6 7. Bg5 a6 8. Na3 b5 9. Bxf6 gxf6 10. Nd5 f5 11. g3 fxe4 12. Bg2 Bg7 13. Bxe4 Bd7 14. Ne3 Qc7 15. Qh5 Be6 16. 0-0 Rd8 17. Qg5 f6 18. Qh5+ Kf8 19. Rad1 Ne7 20. c4 bxc4 21. Nd5 Qc5 22. Qf3 Kf7 23. Nxe7 Kxe7 24. Bd5 f5 25. Bxe6 e4 26. Qxf5 Qxf5 27. Bxf5 d5 28. Rd2 Bh6 29. Re2 Kf6 30. Bxe4 dxe4 31. Rxe4 Kf5 32. Rxc4 Rd2 33. Nc2 Re8 34. Nd4+ Kg6 35. Rc6+ Kh5 36. Nf5 Bf8 37. h3 Kg5 38. Nh4 Kh5 39. Nf3 Rxb2 40. g4# 1-0

[Event "Wch U10"]
[Site "Montesilvano"]
[Date "2024.11.20"]
[Round "6"]
[White "Fattori Dittmar, Luca"]
[Black "Aitmukhanov, Arsen"]
[Result "0-1"]
[WhiteElo "1766"]
[BlackElo "1579"]
[PlyCount "62"]
[EventDate "2024.11.15"]
[EventType "swiss"]
[EventRounds "11"]
[EventCountry "ITA"]
[SourceTitle "CB48_2024"]
[SourceDate "2024.11.28"]
[SourceVersion "1"]
[SourceVersionDate "2024.11.28"]
[SourceQuality "1"]

1. e4 c5 2. d4 cxd4 3. Qxd4 Nc6 4. Qd3 g6 5. Nc3 d6 6. Nf3 Bg7 7. Be2 Nf6 8. 0-0 0-0 9. Nd5 Nxd5 10. exd5 Ne5 11. Nxe5 dxe5 12. c3 Bf5 13. Qd1 Qd6 14. Qb3 Rfd8 15. Be3 e6 16. dxe6 Bxe6 17. Qc2 f5 18. Rfd1 Qc7 19. a4 f4 20. Rxd8+ Rxd8 21. Bd2 Qf7 22. Be1 Bf5 23. Qc1 g5 24. c4 g4 25. Bc3 Qh5 26. Qe1 Rd6 27. h3 f3 28. hxg4 Bxg4 29. Bxf3 Bxf3 30. gxf3 Rh6 31. Kg2 Qh3+ 0-1

[Event "Wch U10"]
[Site "Montesilvano"]
[Date "2024.11.19"]
[Round "5"]
[White "Aitmukhanov, Arsen"]
[Black "Buklaho, Ignacy"]
[Result "0-1"]
[WhiteElo "1579"]
[BlackElo "1822"]
[PlyCount "118"]
[EventDate "2024.11.15"]
[EventType "swiss"]
[EventRounds "11"]
[EventCountry "ITA"]
[SourceTitle "CB48_2024"]
[SourceDate "2024.11.28"]
[SourceVersion "1"]
[SourceVersionDate "2024.11.28"]
[SourceQuality "1"]

1. e4 c5 2. Nf3 e6 3. g3 Nc6 4. Bg2 d6 5. 0-0 Nf6 6. d3 Be7 7. Nbd2 0-0 8. b3 b6 9. e5 Nd7 10. exd6 Bxd6 11. Nc4 Bc7 12. d4 Bb7 13. Bb2 Rb8 14. dxc5 Nxc5 15. Qe2 Qe7 16. Ne3 Rfe8 17. Nd2 Rbd8 18. Rfe1 Be5 19. Bxe5 Nxe5 20. Ndc4 Bxg2 21. Nxg2 Nc6 22. Nce3 Nd4 23. Qh5 g6 24. Qh6 Nf3+ 25. Kh1 Nxe1 26. Rxe1 Ne4 27. f3 Qg5 28. Qxg5 Nxg5 29. Rf1 f5 30. f4 Nf7 31. a4 e5 32. Nc4 exf4 33. Nxf4 Ne5 34. Ne3 Rd2 35. Nfd5 Kg7 36. h3 Nc6 37. c3 Rd3 38. Rf3 Ne5 39. Rf2 Rd8 40. c4 Rxb3 41. Rc2 Rd3 42. Kg2 Rd4 43. c5 R4xd5 44. Nxd5 Rxd5 45. cxb6 axb6 46. Rb2 Ra5 47. Rxb6 Rxa4 48. Rb7+ Kh6 49. h4 Ng4 50. Rb2 Ra3 51. Kh3 Nf6 52. Rf2 Ne4 53. Rg2 f4 54. Kg4 Rxg3+ 55. Rxg3 fxg3 56. h5 g2 57. Kh3 g1Q 58. Kh4 g5+ 59. Kh3 Nf2# 0-1

[Event "Wch U10"]
[Site "Montesilvano"]
[Date "2024.11.18"]
[Round "4"]
[White "Andre, Tomas"]
[Black "Aitmukhanov, Arsen"]
[Result "1-0"]
[WhiteElo "1928"]
[BlackElo "1579"]
[PlyCount "41"]
[EventDate "2024.11.15"]
[EventType "swiss"]
[EventRounds "11"]
[EventCountry "ITA"]
[SourceTitle "CB48_2024"]
[SourceDate "2024.11.28"]
[SourceVersion "1"]
[SourceVersionDate "2024.11.28"]
[SourceQuality "1"]

1. e4 c5 2. d4 cxd4 3. c3 Nf6 4. e5 Nd5 5. Bc4 Nb6 6. Bb3 dxc3 7. Nxc3 Nc6 8. Nf3 Na5 9. Bc2 g6 10. h4 Bg7 11. h5 0-0 12. Ng5 Qc7 13. f4 f5 14. Nxh7 Kxh7 15. hxg6+ Kg8 16. Rh8+ Bxh8 17. Qh5 Rf7 18. gxf7+ Kf8 19. Qh7 e6 20. Qg8+ Ke7 21. Qe8# 1-0